000 00549cam a2200217 a 4500
001 1916925
005 20180103072315.0
008 850307s1986 iauacfg b 001 0 eng
010 _a 85070909
020 _a0697002993 (pbk.)
040 _aDLC
_cDLC
_dDLC
041 _aeng
080 _a780
082 0 0 _a780 DAL
_219
100 1 _a45
101 _aMUZ
245 1 0 _aListeners guide to musical understanding /
_cLeon Dallin.
504 _aBibliography: p. 347.
906 _a7
_bcbc
_corignew
_d3
_eopcn
_f19
_gy-gencatlg
942 _2ddc
_cBK
999 _c39636
_d39636